<?xml version="1.0" encoding="UTF-8"?>
<record
    xmlns:xsi="http://www.w3.org/2001/XMLSchema-instance"
    xsi:schemaLocation="http://www.loc.gov/MARC21/slim http://www.loc.gov/standards/marcxml/schema/MARC21slim.xsd"
    xmlns="http://www.loc.gov/MARC21/slim">

  <leader>00928nam a2200265 a 4500</leader>
  <controlfield tag="001">BRCA_7868</controlfield>
  <controlfield tag="005">20190320210030.0</controlfield>
  <controlfield tag="008">191113s1956----sp-a###f##---#001-0#spa-#</controlfield>
  <datafield tag="041" ind1=" " ind2=" ">
    <subfield code="a">spa</subfield>
  </datafield>
  <datafield tag="044" ind1=" " ind2=" ">
    <subfield code="a">sp</subfield>
  </datafield>
  <datafield tag="050" ind1=" " ind2="4">
    <subfield code="a">NK4123</subfield>
    <subfield code="b">.A77</subfield>
    <subfield code="c">1956</subfield>
  </datafield>
  <datafield tag="100" ind1="1" ind2=" ">
    <subfield code="a">Dur&#xE1;n Sanpere, Agust&#xED;n</subfield>
    <subfield code="9">19467</subfield>
  </datafield>
  <datafield tag="245" ind1="1" ind2="0">
    <subfield code="a">Ars Hispaniae</subfield>
    <subfield code="b">Escultura g&#xF3;tica</subfield>
    <subfield code="c">Por Agust&#xED;n Dur&#xE1;n Sanpere y Juan Ainaud de Lasarte.</subfield>
  </datafield>
  <datafield tag="260" ind1=" " ind2=" ">
    <subfield code="a">Madrid</subfield>
    <subfield code="b">Plus Ultra</subfield>
    <subfield code="c">1956</subfield>
  </datafield>
  <datafield tag="300" ind1=" " ind2=" ">
    <subfield code="a">409 p.</subfield>
    <subfield code="b">il. (algunas a color), 375 l&#xE1;minas</subfield>
    <subfield code="c">29 cm.</subfield>
  </datafield>
  <datafield tag="500" ind1=" " ind2=" ">
    <subfield code="a">Y118</subfield>
  </datafield>
  <datafield tag="500" ind1=" " ind2=" ">
    <subfield code="a">Ver tambi&#xE9;n AA67, T64 e Y117</subfield>
  </datafield>
  <datafield tag="504" ind1=" " ind2=" ">
    <subfield code="a">Bibliograf&#xED;a p.391-404</subfield>
  </datafield>
  <datafield tag="505" ind1="0" ind2=" ">
    <subfield code="a">Contenido: V.8. La escultura g&#xF3;tica del siglo XIII. La escultura hispano-flamenca.</subfield>
  </datafield>
  <datafield tag="650" ind1="1" ind2="4">
    <subfield code="a">Pintura g&#xF3;tica</subfield>
    <subfield code="v">Siglo XIII</subfield>
    <subfield code="z">Espa&#xF1;a</subfield>
    <subfield code="9">19468</subfield>
  </datafield>
  <datafield tag="650" ind1="1" ind2="4">
    <subfield code="a">Escultura hispano-flamenca</subfield>
    <subfield code="v">Cat&#xE1;logos</subfield>
    <subfield code="z">Espa&#xF1;a</subfield>
    <subfield code="9">19469</subfield>
  </datafield>
  <datafield tag="700" ind1="1" ind2=" ">
    <subfield code="a">Ainaud de Lasarte, Juan</subfield>
    <subfield code="e">coaut.</subfield>
    <subfield code="9">19470</subfield>
  </datafield>
  <datafield tag="902" ind1=" " ind2=" ">
    <subfield code="a">GFM</subfield>
  </datafield>
  <datafield tag="942" ind1=" " ind2=" ">
    <subfield code="2">lcc</subfield>
    <subfield code="c">B</subfield>
  </datafield>
  <datafield tag="999" ind1=" " ind2=" ">
    <subfield code="c">7542</subfield>
    <subfield code="d">7542</subfield>
  </datafield>
  <datafield tag="952" ind1=" " ind2=" ">
    <subfield code="0">0</subfield>
    <subfield code="1">0</subfield>
    <subfield code="4">0</subfield>
    <subfield code="7">0</subfield>
    <subfield code="a">BRCA</subfield>
    <subfield code="b">BRCA</subfield>
    <subfield code="d">2013-11-14</subfield>
    <subfield code="i">Y118</subfield>
    <subfield code="l">0</subfield>
    <subfield code="o">NK4123 .A77 1956 (Y118)</subfield>
    <subfield code="p">8479</subfield>
    <subfield code="r">2019-03-22 00:00:00</subfield>
    <subfield code="w">2019-03-22</subfield>
    <subfield code="y">B</subfield>
  </datafield>
</record>
